000 00255nam a22001097a 4500
008 170125b xxu||||| |||| 00| 0 eng d
020 _a9780803611191
041 _aeng
080 _a618.2
245 _aADVANCED PRACTICE NURSING
_cJOEL, L.A
942 _2udc
_cBK
999 _c3629
_d3629